00517nam a2200193Ia 450000500170000000800410001702000130005804000190007104100120009008200160010210000160011824500700013426000340020430000100023863000260024865000240027465100140029885000110031220240429131312.0131103s9999 xx 000 0 und d cRs.84.00 aLoreto College aEnglish a371.3 bWAL aWalia, J.S. aFoundations of School Administration and OrganizationcJ.S. Walia aPunjabbPaul Publishersc1986 a480p. aSchool administration aSchool Organization aEducation aLCBED